Groepen van Twee #1 - Statistieken

Algemene statistieken
  • Deze quiz is 130 keer genomen
  • De gemiddelde score is 22 van 48
Antwoordstatistieken
Categorie Antwoord % Correct
Landen die aan de V.S. grenzen Mexico
97%
Landen die aan de V.S. grenzen Canada
96%
Eerste mensen in de Bijbel Adam
87%
Eerste mensen in de Bijbel Eva
87%
Oprichters van Apple met de naam Steve Steve Jobs
79%
Soorten kamelen Dromedaris
78%
Steden geraakt door een atoombom Hiroshima
75%
Keerkringen {Kreefts}keerkring
73%
De twee sterren van de film "Titanic" Leonardo DiCaprio
73%
Nationale sporten van Canada Ijshockey
72%
Keerkringen {Steenboks}keerkring
70%
Zonen van Prinses Diana Harry
66%
Steden geraakt door een atoombom Nagasaki
65%
Deeltjes in een atoomkern Neutron
65%
Palestijnse gebieden Gazastrook
60%
Deeltjes in een atoomkern Proton
60%
Grootste steden van Schotland Edinburgh
59%
Zonen van Prinses Diana William
57%
Zoogdieren die eieren leggen Vogelbekdier
56%
Grootste steden van Schotland Glasgow
54%
Grootste producenten van passagiersvliegtuigen Boeing
52%
Bergketens die Europa en Azië van elkaar scheiden Oeral
52%
Voornaamste stripboek bedrijven van de V.S. Marvel
50%
Kolonies die eind jaren 90 aan China werden teruggegeven Hongkong
48%
Huizen van het Engelse parlement Lagerhuis
47%
Belangrijkste rivieren in Mesopotamië Eufraat
46%
Huizen van het Engelse parlement Hogerhuis
45%
De twee sterren van de film "Titanic" Kate Winslet
45%
Belangrijkste rivieren in Mesopotamië Tigris
43%
Grootste producenten van passagiersvliegtuigen Airbus
36%
Landen op Hispaniola Haiti
36%
Landen op Hispaniola Dominikaanse Republiek
35%
Bergketens die Europa en Azië van elkaar scheiden Kaukasus
33%
Langste Chinese rivieren Gele Rivier
32%
Voornaamste stripboek bedrijven van de V.S. DC
31%
Rijken veroverd door de Conquistadores Inca-Rijk
31%
Kolonies die eind jaren 90 aan China werden teruggegeven Macau
25%
Ontdekkers van het DNA-structuur Francis Crick
16%
Rijken veroverd door de Conquistadores Azteekse Rijk
12%
Nationale sporten van Canada Lacrosse
9%
Zoogdieren die eieren leggen Mierenegel
9%
Oprichters van Apple met de naam Steve Steve Wozniak
7%
Ontdekkers van het DNA-structuur James Watson
6%
Liefdes van Bella Swan Edward Cullen
5%
Palestijnse gebieden Westoever
5%
Liefdes van Bella Swan Jacob Black
3%
Langste Chinese rivieren Yangtze Rivier
3%
Soorten kamelen Bactrisch
1%
Geen overeenkomende quizzen gevonden
Scoreverdeling
Procent van Mensen met Elke Score
Percentiel versus Aantal Correcte Antwoorden
Uw Scoregeschiedenis
U heeft deze quiz nog niet genomen